Dexter: Resurrection - Episodes - Statistics

General Stats
  • This quiz has been taken 17 times
  • The average score is 5 of 10
Answer Stats
Answer % Correct
Call me Red
80%
Touched by an Angél
73%
Backseat Driver
60%
Murder Horny
60%
A Beating Heart...
53%
And Justice for All
53%
Course Correction
53%
The Kill room where it happens
40%
Camera Shy
33%
Cat and Mouse
7%
No matching quizzes found
Score Distribution
Percent of People with Each Score
Percentile by Number Answered
Your Score History
You have not taken this quiz